000 00592nam a2200193 a 4500
001 000015211
005 20240530073917.0
008 100203s2002 dr 000 f spa d
040 _aDO-SdBNP
_bspa
_cBNPHU
082 _aRD863.44
_bC216t
100 1 _aCandelaria, Sélvido,
_d1956-
_934441
245 1 3 _aEl testaferro /
_cSélvido Candelaria.
260 _aSanto Domingo :
_bLozano,
_c[2002?].
300 _a162 p. ;
_c21 cm.
590 _aInventariado, 2020/MFF
650 0 _aNovela dominicana
_9223
650 0 _aLiteratura dominicana.
_967
910 _aValidado. Control de calidad MMOLINA
999 _c14782
_d14782